Click-Paper-Scissors Quiz Stats

 Plays Quiz Updated Jul 7, 2017

Support Sporcle.
Go Orange.
Score 0/30 Timer 01:00
21 Plays Today
% Correct
???
73.6%
???
72.4%
???
71.3%
???
69.5%
???
69.2%
???
69%
???
68.1%
???
67.6%
???
67.2%
???
65.3%
???
64.5%
???
63.5%
???
63.3%
???
62.4%
???
61.8%
% Correct
???
61.6%
???
61.6%
???
59.9%
???
59.5%
???
58.9%
???
58.9%
???
58.2%
???
58.2%
???
58.1%
???
57.8%
???
57.6%
???
57.3%
???
57.2%
???
55.2%
???
54.7%

You're not logged in!

Compare scores with friends on all Sporcle quizzes.
OR
Log In
Forgot?

From the Vault

Jesuit Colleges and Universities

by Ben

I had a friend who had the goal of getting kicked out of all these schools...luckily he couldn't even get into any of them.
Remove Ads.
Support Sporcle.
Get the best of Sporcle when you Go Orange. This ad-free experience offers more features, more stats, and more fun while also helping to support Sporcle. Thank you for becoming a member.

Show Comments

Extras

Top Quizzes Today


Score Distribution

Your Account Isn't Verified!

In order to create a playlist on Sporcle, you need to verify the email address you used during registration. Go to your Sporcle Settings to finish the process.

Report this User

Report this user for behavior that violates our Community Guidelines.

Details: